Between Existentialism and Marxism / Sartre on Philosophy, Politics, Psychology, and the Arts (Record no. 371)
[ view plain ]
| 000 -LEADER | |
|---|---|
| fixed length control field | 01184cam a22001934a 4500 |
| 005 - ΗΜΕΡΟΜΗΝΙΑ ΚΑΙ ΩΡΑ ΤΕΛΕΥΤΑΙΑΣ ΕΝΗΜΕΡΩΣΗΣ | |
| Πεδίο ελέγχου | 20250605163933.0 |
| 008 - FIXED-LENGTH DATA ELEMENTS--GENERAL INFORMATION | |
| Πεδίο ελέγχου σταθερού μήκους | 250528s ||||||||||||||||||||||||d |
| 035 ## - SYSTEM CONTROL NUMBER | |
| System control number | 14751 |
| 020 ## - ISBN | |
| ISBN | 394715845 |
| 040 ## - ΠΗΓΗ ΚΑΤΑΛΟΓΟΓΡΑΦΗΣΗΣ | |
| Φορέας πρωτότυπης καταλογογράφησης | MC Athens Campus Library |
| Γλώσσα καταλογογράφησης | Ελληνικά, Μοντέρνα (1453-) |
| Modifying agency | MC Athens Campus Library |
| Κανόνες περιγραφικής καταλογογράφησης | AACR2 |
| 245 1# - ΤΙΤΛΟΣ ΚΑΙ ΔΗΛΩΣΗ ΥΠΕΥΘΥΝΟΤΗΤΑΣ | |
| Τίτλος | Between Existentialism and Marxism / Sartre on Philosophy, Politics, Psychology, and the Arts |
| 260 ## - PUBLICATION, DISTRIBUTION, ETC. | |
| Name of publisher, distributor, etc. | Pantheon Books, |
| Date of publication, distribution, etc. | 1974 |
| 300 ## - PHYSICAL DESCRIPTION | |
| Extent | 304 |
| 520 ## - SUMMARY, ETC. | |
| Summary, etc. | This book brings together Jean-Paul Sartre's most important essays, speeches, and interviews from the 1960s. Self Descriptions, The Purposes of Writing, The Itinerary of a Thought, Politics, Vietnam: Imperialism and Genocide, Czechoslovakia: The Socialism that Came in From the Cold, France: Masses and Spontaneity and Party, Philosophy and Poetry and Painting, Kierkegaard: The Singular Universal, Mallarme: The Poetry of Suicide, Tintoretto: St George and the Dragon, Psychoanalysis, The Man with the Tape Recorder, Psychoanalytic Dialogue, Reply to Sartre - Pontalis, Reply to Sartre - Pingaud, Intellectuals, A Plea for Intellectuals, A Friend of the People, Index. |
| 700 1# - ΠΡΟΣΘΕΤΗ ΑΝΑΓΡΑΦΗ--ΦΥΣΙΚΟ ΠΡΟΣΩΠΟ | |
| Personal name | Sartre Jean Paul |
| 9 (RLIN) | 505 |
| 942 ## - ADDED ENTRY ELEMENTS (KOHA) | |
| Koha item type | Books |
| Τύπος τεκμηρίου | Βιβλιοθήκη | Τρέχουσα τοποθεσία | Barcode | Αριθμός εισαγωγής | Ημερομηνία απόκτησης | Ταξιθετικό σύμβολο | Αριθμός αντιτύπου | Κατάσταση απόσυρσης | Κατάσταση χαμένου | Κατάσταση κατεστραμμένου | Μη δανεισμός | Σύνολο δανεισμών | Ημερομηνία τελευταίας εμφάνισης | Η τιμή ισχύει από |
|---|---|---|---|---|---|---|---|---|---|---|---|---|---|---|
| Books | MC Athens Campus Library | MC Athens Campus Library | 9780000003706 | 4455 | 05/06/2025 | 194 MAT | 1 | 05/06/2025 | 05/06/2025 |